000 00955nam0a2200301 4500
001 RU\NLR\ONL2\3850
005 20250613125113.0
010 _a5-7608-0439-1
_9500
035 _a(NLR Aleph) 009651448
090 _a9573639
_c9573639
100 _a20050908d2004 |||y0rusy50 ca
101 0 _aady
102 _aRU
105 _ay |||||||||
200 1 _aIэнатIэм игъэрхэр
_eКомедиехэр
210 _aМыекъуапэ
_cАдыгэ Респ. итхылъ тедзапI
_d2004
215 _a142,[2] с.
_d21
541 1 _6z01790
_aРабы власти
_eКомедии
_zrus
686 1 _aШ6(2=Адыг)7-6
700 1 _aМурэтэ
_bЧ.
_gЧэпай
_4070
790 1 _6z01541
_aМуратов
_bЧ. И.
_gЧапай Измайлович
_4070
801 0 _aRU
_bNLR
_c20050908
_gPSBO
852 _aNLR
_bОНЛ
_jАдыг./3-1259
942 _cBOOK
980 _aNB
980 _aONL_RF